Statistieken voor Landen via Haiku

Klik hier om de quiz te nemen!

Algemene statistieken

  • Deze quiz is 444 keer genomen
  • De gemiddelde score is 10 van 17

Antwoordstatistieken

HintAntwoord% Correct
Duitsland valt binnen / in dit kleine neutrale land / steelt alle wafelsBelgië
92%
De Atlas begint / en een stad die Marrakesh heet / met heel veel couscousMarokko
83%
Vooral veel jungle / maar langs de kust liggen steden / NederlandssprekendSuriname
79%
Dit noord'lijk eiland / wordt elke dag opnieuw groter / tectoniek aan 't werkIJsland
77%
Lekker dicht bij Nice / maar wat nog veel beter is, is / lage belastingMonaco
77%
Niet verkochte kaas / maakte boeren het te moeilijk / vandaar nu fondueZwitserland
68%
Op dit schiereiland / waar de stad Troje ooit fier stond / Anatolië!Turkije
66%
Vele eilanden / nabij de Caribische Zee / maar er toch niet inBahama's
57%
Wij spreken Urdu / wat erg lijkt maar niet hetzelfde / als het Hindi isPakistan
56%
"Niemand in dit land / is homoseksueel" - aldus / AhmadinejadIran
55%
Ons nautisch succes / "rum sodomy and the lash" / zoals zij zeggenVerenigd Koninkrijk
52%
Wij bouwden een hek / tegen konijnenverspreiding / maar het werkte nietAustralië
46%
Bij El Alamein / waar Erwin Rommels machtige / tanks gestopt werdenEgypte
44%
Dit kleine eiland / kreeg van de VN te horen / jij bent geen echt landTaiwan
44%
"Hola" zei Eichmann / vertel Israël graag niet waar / ik te vinden benArgentinië
42%
Landen vinden het / niet leuk waar onze hoofdstad ligt / op de VS naIsraël
30%
Boerderij is nu / van overheid, hongerige / mens is biljonairZimbabwe
17%

Scoreverdeling

Percentiel versus Aantal Correcte Antwoorden

Procent van Mensen met Elke Score

Uw Scoregeschiedenis

U heeft deze quiz nog niet genomen